| 000 | 00649nam a2200217 4500 | ||
|---|---|---|---|
| 003 | OSt | ||
| 005 | 20240723070526.0 | ||
| 006 | a | ||
| 008 | 240723b |||||||| |||| 00| 0 eng d | ||
| 020 | _a9781439056165 | ||
| 040 |
_aDWCL-HMN lib. _cOC |
||
| 082 |
_22010 edition _aCirc. 615.1 S767t 2010 |
||
| 100 | _aSpratto, George R. | ||
| 245 | _a2010 edition Delmar Nurse’s drug handbook / | ||
| 250 | _a2010 edition | ||
| 260 |
_aUSA : _bDelmar Cengage Learning, _cc2010. |
||
| 300 |
_axvii; _b2185p. : ill.; _c20cm. |
||
| 504 | _aIncludes Index. | ||
| 650 | _a1. Drug-Handbooks, Manuals, etc. | ||
| 942 |
_2ddc _n0 _cBK-CIRC _e2010 edition _kCirc. |
||
| 999 |
_c2609 _d2609 |
||